[Event "PLZEN 2022 – CALLIDITAS OPEN"]
[Site "Plzen (Ceska republika)"]
[Date "2022.08.23"]
[Round "5.3"]
[White "Ondrejat, Miroslav"]
[Black "Haba, Zdenek"]
[Result "0-1"]
[WhiteElo "1900"]
[BlackElo "2156"]
[PlyCount "92"]
[EventDate "2022.08.20"]

1. e4 g6 2. d4 Bg7 3. Nc3 d6 4. f4 a6 5. a4 b6 6. Nf3 Bb7 7. Bd3 c5 8. d5 Nf6
9. O-O O-O 10. Qe2 Nbd7 11. Kh1 Ne8 12. Bc4 Nc7 13. Be3 Nf6 14. Bg1 Nh5 15. Ng5
h6 16. Nh3 Nf6 17. Nf2 e6 18. Qf3 b5 19. axb5 axb5 20. Nxb5 Nxb5 21. Bxb5 exd5
22. e5 dxe5 23. fxe5 Nd7 24. Nd3 Rxa1 25. Rxa1 c4 26. Bxd7 cxd3 27. Ba4 dxc2
28. Bxc2 Qc7 29. Ra7 Ra8 30. e6 fxe6 31. Rxa8+ Bxa8 32. Bxg6 e5 33. Qb3 Qb7 34.
Qa4 Qc6 35. Qg4 d4 36. h4 Bb7 37. Bf5 Kh8 38. Bd7 Qe4 39. Qg3 d3 40. Be3 Qd5
41. Qg4 d2 42. Ba4 Qd3 43. Bf2 e4 44. Qh5 e3 45. Qe8+ Kh7 46. Qxe3 Qf1+ 0-1

[Event "PLZEN 2022 – CALLIDITAS OPEN"]
[Site "Plzen (Ceska republika)"]
[Date "2022.08.23"]
[Round "5.4"]
[White "Langmajer, Jan"]
[Black "Pokrupa, Marek"]
[Result "1/2-1/2"]
[WhiteElo "1871"]
[BlackElo "2124"]
[PlyCount "79"]
[EventDate "2022.08.20"]

1. e4 c5 2. Nf3 Nc6 3. d4 cxd4 4. Nxd4 g6 5. Nc3 Bg7 6. Be3 Nf6 7. Bc4 O-O 8.
Bb3 d6 9. f3 Qa5 10. Qd2 Nxd4 11. Bxd4 Be6 12. Nd5 Qxd2+ 13. Kxd2 Nxe4+ 14.
fxe4 Bxd4 15. Nxe7+ Kg7 16. c3 Be5 17. Nd5 Bd7 18. h3 f5 19. Nc7 Bf4+ 20. Kc2
Rac8 21. Ne6+ Bxe6 22. Bxe6 Rce8 23. exf5 gxf5 24. Bc4 d5 25. Bd3 Bg3 26. Rhf1
f4 27. Rad1 a6 28. a4 Re5 29. Rf3 Re3 30. Bf1 Rf5 31. Rd3 Re1 32. Rd1 Rxd1 33.
Kxd1 Re5 34. Be2 Kf6 35. Rd3 Ke6 36. Bf3 b5 37. axb5 axb5 38. Kc2 Kd6 39. Rd2
Be1 40. Re2 1/2-1/2

[Event "PLZEN 2022 – CALLIDITAS OPEN"]
[Site "Plzen (Ceska republika)"]
[Date "2022.08.23"]
[Round "5.6"]
[White "Yagiz, Bora"]
[Black "Papay, Jindrich"]
[Result "1-0"]
[WhiteElo "2154"]
[BlackElo "1906"]
[PlyCount "79"]
[EventDate "2022.08.20"]

1. e4 e6 2. d4 d5 3. Nd2 Nf6 4. e5 Nfd7 5. c3 c5 6. f4 Nc6 7. Ndf3 Be7 8. Bd3
c4 9. Bc2 b5 10. Ne2 Qb6 11. O-O b4 12. Kh1 f5 13. Rg1 Bb7 14. g4 g6 15. Be3
O-O-O 16. h3 Rdg8 17. Kh2 Nf8 18. Qd2 b3 19. axb3 cxb3 20. Bd1 Na5 21. Nc1 h6
22. Qf2 g5 23. Nd2 gxf4 24. Bxf4 Ng6 25. Ndxb3 Nc4 26. Nd3 Nxf4 27. Qxf4 Bg5
28. Qf3 Ne3 29. gxf5 Nxf5 30. Nbc5 Rf8 31. Qh5 Rhg8 32. b4 Kd8 33. Bg4 Bc8 34.
Rgf1 Qb5 35. Bxf5 exf5 36. Nf4 Bxf4+ 37. Rxf4 Rg5 38. Qf3 Rfg8 39. Qxd5+ Bd7
40. Rf2 1-0

[Event "PLZEN 2022 – CALLIDITAS OPEN"]
[Site "Plzen (Ceska republika)"]
[Date "2022.08.23"]
[Round "5.7"]
[White "Mametev, Artem"]
[Black "Turner, Radek"]
[Result "0-1"]
[WhiteElo "1920"]
[BlackElo "2028"]
[PlyCount "112"]
[EventDate "2022.08.20"]

1. e4 e6 2. d4 d5 3. Nd2 Be7 4. Ngf3 c5 5. exd5 Qxd5 6. Bc4 Qh5 7. dxc5 Qxc5 8.
Qe2 Nf6 9. O-O Nc6 10. Nb3 Qh5 11. Bf4 Qf5 12. Be3 O-O 13. Rad1 e5 14. Ne1 Ng4
15. Bc5 Bxc5 16. Nxc5 Nd4 17. Qd3 Qf4 18. Qg3 Qxg3 19. hxg3 b6 20. Ne4 Rd8 21.
c3 Be6 22. Ba6 Nf5 23. Rxd8+ Rxd8 24. Be2 Nf6 25. Nxf6+ gxf6 26. Bd3 Ne7 27. a3
f5 28. Bb5 Rd2 29. b4 e4 30. f3 Nd5 31. c4 Ne3 32. fxe4 fxe4 33. Ba6 Ra2 34. c5
bxc5 35. bxc5 Rxa3 36. Bb7 Ra2 37. c6 Nd5 38. c7 Nxc7 39. Bxe4 Bc4 40. Rf4 Be6
41. Nf3 Nd5 42. Rh4 Nf6 43. Ng5 Ra1+ 44. Kf2 Nxe4+ 45. Nxe4 Kg7 46. Nc5 Ra2+
47. Ke3 Bf5 48. Ra4 Rxa4 49. Nxa4 Bd7 50. Nc5 Bc6 51. Kf2 a5 52. g4 a4 53. g3
a3 54. Nb3 Ba4 55. Na1 Kf6 56. Ke3 Kg5 0-1

[Event "PLZEN 2022 – CALLIDITAS OPEN"]
[Site "Plzen (Ceska republika)"]
[Date "2022.08.23"]
[Round "5.8"]
[White "Hodan, Jiri"]
[Black "Kriz, Daniel"]
[Result "1/2-1/2"]
[WhiteElo "1878"]
[BlackElo "1999"]
[PlyCount "36"]
[EventDate "2022.08.20"]

1. e4 e5 2. Nf3 Nf6 3. Nxe5 Nc6 4. Nxc6 dxc6 5. e5 Ne4 6. Qe2 Nc5 7. Nc3 Bf5 8.
d3 Ne6 9. Be3 Bb4 10. Qd2 c5 11. Be2 Nd4 12. Rb1 Qe7 13. a3 Bxc3 14. bxc3 Nxe2
15. Qxe2 Qxe5 16. Bxc5 Qxe2+ 17. Kxe2 b6 18. Be3 O-O-O 1/2-1/2

[Event "PLZEN 2022 – CALLIDITAS OPEN"]
[Site "Plzen (Ceska republika)"]
[Date "2022.08.23"]
[Round "5.9"]
[White "Koper, Stefan"]
[Black "Bechynsky, Jan"]
[Result "0-1"]
[WhiteElo "1823"]
[BlackElo "1982"]
[PlyCount "76"]
[EventDate "2022.08.20"]

1. d4 f5 2. h3 d6 3. Nf3 Nf6 4. d5 e5 5. Bg5 Be7 6. Bxf6 Bxf6 7. e3 O-O 8. c4
Qe7 9. Nc3 e4 10. Nd4 f4 11. Qc2 fxe3 12. fxe3 Bxd4 13. exd4 Qh4+ 14. Kd1 Bf5
15. Qd2 Nd7 16. Qe3 c5 17. dxc6 bxc6 18. b4 Rab8 19. a3 Bg6 20. g3 Qe7 21. Be2
Nf6 22. g4 Qe6 23. Rg1 c5 24. d5 Qe5 25. b5 Qd4+ 26. Qxd4 cxd4 27. Na4 d3 28.
Bf1 e3 29. Nb2 e2+ 30. Bxe2 dxe2+ 31. Kxe2 Rbe8+ 32. Kd1 Ne4 33. h4 Rf2 34. Na4
Ng3 35. Nc3 Bc2+ 36. Kc1 Bb3 37. Nd1 Rc2+ 38. Kb1 Ne4 0-1

[Event "PLZEN 2022 – CALLIDITAS OPEN"]
[Site "Plzen (Ceska republika)"]
[Date "2022.08.23"]
[Round "5.10"]
[White "Svejda, Karel"]
[Black "Vlk, Miloslav"]
[Result "1-0"]
[WhiteElo "1603"]
[BlackElo "1971"]
[PlyCount "89"]
[EventDate "2022.08.20"]

1. d4 d5 2. Bf4 Nf6 3. e3 Bf5 4. Nd2 e6 5. Ngf3 Bd6 6. Bg3 Ne4 7. Nxe4 Bxe4 8.
Bd3 Bxd3 9. Qxd3 O-O 10. Bxd6 cxd6 11. O-O Nc6 12. Rac1 Rc8 13. c4 dxc4 14.
Rxc4 d5 15. Rc5 b6 16. Rcc1 Qe7 17. a3 Na5 18. Nd2 Rc7 19. b4 Nb7 20. Rc3 Rfc8
21. Rfc1 Nd6 22. f3 g6 23. e4 b5 24. Rc5 a6 25. Qc3 Nc4 26. Nxc4 dxc4 27. Rd1
Rd8 28. Rd2 Rd6 29. a4 Qd7 30. Kf2 f6 31. Ke3 Kf7 32. axb5 axb5 33. Ra2 Rb6 34.
Ra8 Ra7 35. Rcc8 Rba6 36. Rf8+ Kg7 37. Rg8+ Kh6 38. Rxa7 Qxa7 39. Kf2 e5 40.
Qc1+ g5 41. h4 Qxd4+ 42. Kg3 Ra1 43. hxg5+ Kh5 44. Kh3 Qd7+ 45. g4+ 1-0

[Event "PLZEN 2022 – CALLIDITAS OPEN"]
[Site "Plzen (Ceska republika)"]
[Date "2022.08.23"]
[Round "5.11"]
[White "Pelikan, David"]
[Black "Hurtak, Otto"]
[Result "1/2-1/2"]
[WhiteElo "1997"]
[BlackElo "1893"]
[PlyCount "104"]
[EventDate "2022.08.20"]

1. d4 d5 2. c4 e6 3. Nc3 c5 4. cxd5 exd5 5. dxc5 d4 6. Ne4 Bf5 7. Ng3 Be6 8. e4
Bxc5 9. Nf3 Nc6 10. Bd3 Nge7 11. O-O O-O 12. b3 f6 13. Bb2 Ne5 14. Rc1 Bb6 15.
Bb1 N7c6 16. Kh1 Qd7 17. Ne1 d3 18. Nxd3 Rad8 19. Nf4 Bf7 20. Qe2 Qd2 21. Qxd2
Rxd2 22. Rc2 Rfd8 23. Bc1 Rxc2 24. Bxc2 Nb4 25. Bb1 Nbd3 26. Nxd3 Nxd3 27. Be3
Bxe3 28. fxe3 Ne5 29. h3 Kf8 30. Nf5 Nc6 31. Kh2 Bg6 32. Kg3 Rd2 33. Rf2 Rxf2
34. Kxf2 Bxf5 35. exf5 b6 36. Be4 Ne5 37. Ke2 Ke7 38. Kd2 Kd6 39. Kc3 Kc5 40.
Bf3 Nd7 41. b4+ Kd6 42. Kd4 Ne5 43. a3 Nd7 44. Be2 Ne5 45. Bb5 Nf7 46. Bc4 Ne5
47. Bg8 h6 48. Be6 Nc6+ 49. Ke4 Ne5 50. h4 g5 51. hxg5 hxg5 52. g3 Ng4 1/2-1/2

[Event "PLZEN 2022 – CALLIDITAS OPEN"]
[Site "Plzen (Ceska republika)"]
[Date "2022.08.23"]
[Round "5.12"]
[White "Zoufaly, Petr"]
[Black "Hlavac, Rudolf"]
[Result "1/2-1/2"]
[WhiteElo "1656"]
[BlackElo "1912"]
[PlyCount "61"]
[EventDate "2022.08.20"]

1. d4 d5 2. Nf3 Nf6 3. e3 Bg4 4. Be2 e6 5. c4 dxc4 6. Qa4+ Nbd7 7. Qxc4 Bd6 8.
Nc3 c6 9. e4 e5 10. dxe5 Nxe5 11. Nxe5 Bxe5 12. f4 Bxc3+ 13. bxc3 O-O 14. Bxg4
Nxg4 15. O-O Re8 16. h3 Nf6 17. e5 Nd5 18. Bd2 Qc7 19. Rf3 Rad8 20. Qb3 b5 21.
c4 Qb6+ 22. Kh2 Qd4 23. Bc3 Nxc3 24. Qxc3 bxc4 25. Rc1 g5 26. Qxc4 gxf4 27.
Rxf4 Qxe5 28. Qxf7+ Kh8 29. Qf6+ Kg8 30. Rxc6 Qxf6 31. Rcxf6 1/2-1/2

[Event "PLZEN 2022 – CALLIDITAS OPEN"]
[Site "Plzen (Ceska republika)"]
[Date "2022.08.23"]
[Round "5.13"]
[White "Flajsman, Petr"]
[Black "Macho, Miloslav"]
[Result "1-0"]
[WhiteElo "1907"]
[BlackElo "1635"]
[PlyCount "65"]
[EventDate "2022.08.20"]

1. e4 e5 2. f4 exf4 3. Nf3 d5 4. exd5 Nf6 5. c4 c6 6. dxc6 Nxc6 7. d4 Bb4+ 8.
Nc3 O-O 9. a3 Ba5 10. b4 Bc7 11. b5 Na5 12. Be2 Be6 13. d5 Bf5 14. Nd4 Ne4 15.
Nxf5 Nxc3 16. Qd4 f6 17. Qxc3 Be5 18. Nd4 Re8 19. Ra2 Nxc4 20. Qxc4 Rc8 21. Nc6
bxc6 22. dxc6+ Kh8 23. O-O Bd4+ 24. Kh1 Be3 25. Bxe3 fxe3 26. Bg4 Rc7 27. Rd1
e2 28. Qxe2 Qb8 29. Qxe8+ Qxe8 30. Rad2 Re7 31. Rd8 Re1+ 32. Rxe1 Qxd8 33. c7
1-0

[Event "PLZEN 2022 – CALLIDITAS OPEN"]
[Site "Plzen (Ceska republika)"]
[Date "2022.08.23"]
[Round "5.14"]
[White "Zach, Tomas"]
[Black "Hosnedl, Jiri"]
[Result "1/2-1/2"]
[WhiteElo "1600"]
[BlackElo "1860"]
[PlyCount "84"]
[EventDate "2022.08.20"]

1. e4 e5 2. Nf3 Nf6 3. Nxe5 d6 4. Nf3 Nxe4 5. d3 Nf6 6. Bg5 Be7 7. Be2 Nd5 8.
Qd2 Bxg5 9. Qxg5 Qxg5 10. Nxg5 O-O 11. O-O Nc6 12. Nf3 Nf4 13. Nc3 Re8 14. Rfe1
Bg4 15. Kf1 Re7 16. h3 Bh5 17. g4 Bg6 18. Ng1 Rae8 19. Bf3 Nd4 20. Rxe7 Rxe7
21. Rc1 Nxf3 22. Nxf3 Nxh3 23. Nd5 Re8 24. Kg2 c6 25. Kxh3 cxd5 26. Re1 Rxe1
27. Nxe1 Kf8 28. f4 f5 29. g5 Bh5 30. d4 Ke7 31. Kg3 Kd7 32. Kf2 Kc6 33. Ke3 a5
34. Kd3 b5 35. Kc3 Be2 36. a3 h5 37. Ng2 Bf3 38. Nh4 Be4 39. b4 a4 40. Kd2 Kd7
41. c3 Ke7 42. Ke3 Kf7 1/2-1/2

[Event "PLZEN 2022 – CALLIDITAS OPEN"]
[Site "Plzen (Ceska republika)"]
[Date "2022.08.23"]
[Round "5.15"]
[White "Pasek, Martin"]
[Black "Diachek, Andriy"]
[Result "1/2-1/2"]
[WhiteElo "1826"]
[BlackElo "1516"]
[PlyCount "133"]
[EventDate "2022.08.20"]

1. c4 Nf6 2. Nc3 e6 3. e4 d5 4. e5 d4 5. exf6 dxc3 6. fxg7 cxd2+ 7. Bxd2 Bxg7
8. Qc2 Nc6 9. Nf3 b6 10. O-O-O Qe7 11. Bc3 Bxc3 12. Qxc3 Rg8 13. g3 Bb7 14. Bg2
Nb4 15. Qb3 Qc5 16. a3 Nc6 17. Qb5 a6 18. Qxc5 bxc5 19. Nd2 Na5 20. Bxb7 Nxb7
21. Ne4 Ke7 22. Rhe1 Rad8 23. Kc2 Rd4 24. Rxd4 cxd4 25. b4 e5 26. f4 f5 27. Nf2
e4 28. Nxe4 fxe4 29. Rxe4+ Kf6 30. Rxd4 Re8 31. Rd7 Re2+ 32. Kb3 Rxh2 33. Rxc7
Nd8 34. Ra7 Rh3 35. Rxa6+ Ne6 36. c5 Rxg3+ 37. Kc4 Kf5 38. b5 Rg1 39. Ra7 Rc1+
40. Kb4 h5 41. Rh7 Nxf4 42. c6 Nd5+ 43. Ka5 Kg4 44. Rg7+ Kf5 45. Rh7 Kg6 46.
Rh8 Rc5 47. a4 Rc4 48. Rd8 Nc3 49. Kb6 Nxa4+ 50. Kb7 Nc5+ 51. Kb6 Ne6 52. Rd6
Kf7 53. Rd7+ Kf6 54. Rd6 Ke5 55. Rd7 h4 56. Rh7 Kd6 57. Rd7+ Ke5 58. Rh7 Kf5
59. c7 Kg5 60. Kb7 Nxc7 61. Rxc7 Rxc7+ 62. Kxc7 h3 63. b6 h2 64. b7 h1=Q 65.
b8=Q Qh2+ 66. Kb7 Qxb8+ 67. Kxb8 1/2-1/2

[Event "PLZEN 2022 – CALLIDITAS OPEN"]
[Site "Plzen (Ceska republika)"]
[Date "2022.08.23"]
[Round "5.16"]
[White "Hajsman, Ladislav"]
[Black "Humeniuk, Artur"]
[Result "1/2-1/2"]
[WhiteElo "1797"]
[BlackElo "1027"]
[PlyCount "65"]
[EventDate "2022.08.20"]

1. d4 Nf6 2. c4 e6 3. Nc3 Bb4 4. Nf3 b6 5. e3 Bb7 6. Be2 Ne4 7. Qb3 Bxc3+ 8.
bxc3 d6 9. O-O O-O 10. Nd2 Nd7 11. f3 Nxd2 12. Bxd2 e5 13. e4 c5 14. d5 Nf6 15.
Qc2 Bc8 16. f4 exf4 17. Rxf4 Nd7 18. Qd3 Ne5 19. Qg3 Ng6 20. Rf2 f6 21. Raf1
Qe7 22. Bf3 Ba6 23. Be2 Rad8 24. Bd3 Qe5 25. Qe3 Bc8 26. Qe1 Qe7 27. Bf4 Ne5
28. Qd2 Ba6 29. Bxe5 fxe5 30. Rxf8+ Rxf8 31. Rxf8+ Qxf8 32. Qf2 Qxf2+ 33. Kxf2
1/2-1/2

[Event "PLZEN 2022 – CALLIDITAS OPEN"]
[Site "Plzen (Ceska republika)"]
[Date "2022.08.23"]
[Round "5.17"]
[White "Stepanek, Vit"]
[Black "Kalveus, Jan"]
[Result "0-1"]
[WhiteElo "1518"]
[BlackElo "1790"]
[PlyCount "110"]
[EventDate "2022.08.20"]

1. d4 Nf6 2. Bf4 e6 3. e3 d5 4. Nf3 Bd6 5. Bxd6 cxd6 6. c3 Nc6 7. Nbd2 e5 8.
dxe5 dxe5 9. Bb5 Qe7 10. O-O O-O 11. Re1 a6 12. Be2 b5 13. Qc2 Bg4 14. Rad1
Rac8 15. Qb1 g6 16. e4 Bxf3 17. Bxf3 d4 18. c4 Na5 19. cxb5 axb5 20. Be2 Nc4
21. Nf3 Rc5 22. a3 Rfc8 23. Qa2 Nd6 24. Bd3 Nd7 25. Nd2 R5c7 26. Qb3 Nc5 27.
Qc2 Ncxe4 28. Qb1 Nc5 29. f4 Nxd3 30. Qxd3 Nf5 31. Rxe5 Qd7 32. Qxb5 Qxb5 33.
Rxb5 Rc2 34. Nf3 Ne3 35. Rd2 d3 36. Kf2 Nc4 37. Ke1 Nxd2 38. Nxd2 Rc1+ 39. Kf2
Re8 40. Re5 Rxe5 41. fxe5 Rc2 42. Ke3 Rxb2 43. Kxd3 Ra2 44. Nc4 Rxg2 45. a4
Rxh2 46. a5 h5 47. Kc3 Ra2 48. Kb3 Ra1 49. Na3 Rd1 50. a6 h4 51. a7 Rd8 52. Nb5
h3 53. Nc7 h2 54. a8=Q Rxa8 55. Nxa8 h1=Q 0-1

[Event "PLZEN 2022 – CALLIDITAS OPEN"]
[Site "Plzen (Ceska republika)"]
[Date "2022.08.23"]
[Round "5.20"]
[White "Sladek, Jaroslav"]
[Black "Kalista, Karel"]
[Result "1-0"]
[WhiteElo "1875"]
[BlackElo "1643"]
[PlyCount "81"]
[EventDate "2022.08.20"]

1. e4 e5 2. Nf3 Nf6 3. Nxe5 d6 4. Nf3 Nxe4 5. Nc3 Nxc3 6. dxc3 Be7 7. Bd3 O-O
8. Be3 Nc6 9. Qd2 Ne5 10. Nxe5 dxe5 11. O-O-O Be6 12. Kb1 a5 13. c4 c6 14. f3
a4 15. Qf2 Qa5 16. Bb6 Qa6 17. c5 Bc4 18. Qe2 Bxd3 19. Qxd3 Qxd3 20. Rxd3 Bd8
21. Rd7 Bxb6 22. cxb6 Rab8 23. Rhd1 f6 24. Rc7 Rf7 25. Rdd7 Rxd7 26. Rxd7 h5
27. Kc1 Kh7 28. Kd2 Kh6 29. Kd3 g6 30. Ke4 h4 31. g4 Kg5 32. h3 Kh6 33. f4 exf4
34. Kxf4 Re8 35. Rxb7 Re5 36. Rc7 Rb5 37. Rxc6 Rb4+ 38. c4 Rxb2 39. c5 Rb4+ 40.
Kf3 Rb2 41. Rc7 1-0

[Event "PLZEN 2022 – CALLIDITAS OPEN"]
[Site "Plzen (Ceska republika)"]
[Date "2022.08.23"]
[Round "5.21"]
[White "Andrusevych, Andriy"]
[Black "Chudek, Lubomir"]
[Result "1-0"]
[WhiteElo "1144"]
[BlackElo "1770"]
[PlyCount "127"]
[EventDate "2022.08.20"]

1. e4 c5 2. Nf3 Nc6 3. d4 cxd4 4. Nxd4 g6 5. Nc3 Bg7 6. Be3 Nf6 7. Be2 O-O 8.
O-O d6 9. Re1 Bd7 10. f3 a6 11. Bc4 Na5 12. Bb3 Nxb3 13. Nxb3 Rc8 14. Bd4 Nh5
15. Nd5 Bxd4+ 16. Nxd4 Ng7 17. b3 e6 18. Ne3 Qb6 19. c4 e5 20. Ndc2 f5 21. Kh1
f4 22. Nd5 Qd8 23. Qd2 Be6 24. Red1 Rc5 25. Ncb4 a5 26. Nd3 Rc6 27. Nb2 g5 28.
Qf2 g4 29. fxg4 Bxg4 30. Rd3 Be6 31. Na4 Bxd5 32. Rxd5 Qe7 33. Rad1 Ne6 34. Nc3
Nd4 35. Ne2 Nxe2 36. Qxe2 b6 37. Qd3 Rf6 38. Rxa5 bxa5 39. Qd5+ Qf7 40. Qxc6 f3
41. Qc8+ Kg7 42. gxf3 Rxf3 43. Rg1+ Kh6 44. Qd8 Rf6 45. Qxa5 Rg6 46. Qd2+ Kg7
47. Rxg6+ hxg6 48. Kg2 Qf6 49. Qe3 Qh4 50. h3 Qh5 51. Qa7+ Kh6 52. Qe3+ Kg7 53.
a4 Qd1 54. Kg3 Qa1 55. h4 Qd1 56. Qf3 Qe1+ 57. Kh3 Qg1 58. h5 g5 59. a5 Qc5 60.
a6 Qb6 61. Kg4 Qg1+ 62. Kf5 Kh6 63. Ke6 g4 64. Qf5 1-0

[Event "PLZEN 2022 – CALLIDITAS OPEN"]
[Site "Plzen (Ceska republika)"]
[Date "2022.08.23"]
[Round "5.23"]
[White "Syrovatka, Cenek"]
[Black "Tykalova, Barbora"]
[Result "1-0"]
[WhiteElo "1820"]
[BlackElo "1168"]
[PlyCount "85"]
[EventDate "2022.08.20"]

1. d4 d5 2. c4 e6 3. Nc3 Nf6 4. Bg5 Be7 5. e3 O-O 6. Nf3 h6 7. Bh4 b6 8. Be2
Bb7 9. O-O Nbd7 10. a3 a6 11. Rc1 dxc4 12. Bxc4 b5 13. Be2 Nb6 14. b4 c6 15.
Ne5 a5 16. Bf3 Nfd5 17. Bxe7 Qxe7 18. Nxd5 cxd5 19. Nc6 Bxc6 20. Rxc6 Qb7 21.
Rc5 Na4 22. Rc1 Nb2 23. Qb3 Nc4 24. Rc2 a4 25. Qa2 Rac8 26. Rfc1 Qc7 27. Be2
Rfd8 28. Bxc4 dxc4 29. Rc3 Rd5 30. g3 e5 31. dxe5 Qxe5 32. Qe2 Rcd8 33. e4 Rd2
34. Qe3 R8d3 35. Rxd3 Rxd3 36. Qc5 Qxe4 37. Qxb5 Rd2 38. Qxc4 Qf3 39. Qc8+ Kh7
40. Qc5 Qxa3 41. Qf5+ Kg8 42. Rc8+ Rd8 43. Rxd8# 1-0

[Event "PLZEN 2022 – CALLIDITAS OPEN"]
[Site "Plzen (Ceska republika)"]
[Date "2022.08.23"]
[Round "5.29"]
[White "Roubal, Frantisek"]
[Black "Hadac, Pavel"]
[Result "0-1"]
[WhiteElo "1240"]
[BlackElo "1801"]
[PlyCount "94"]
[EventDate "2022.08.20"]

1. d4 d5 2. Bf4 Nf6 3. Nf3 c6 4. c3 Qb6 5. Qb3 Nbd7 6. h3 e6 7. Nbd2 c5 8. e3
c4 9. Qxb6 axb6 10. Be2 b5 11. a3 b4 12. cxb4 Bxb4 13. O-O Be7 14. Ne5 O-O 15.
Nxd7 Bxd7 16. Nf3 Ba4 17. Bd1 h6 18. Bxa4 Rxa4 19. Rac1 b5 20. Rc2 Rfa8 21. Rb1
R4a6 22. Nd2 b4 23. axb4 Bxb4 24. Rbc1 Ra1 25. Rxa1 Rxa1+ 26. Kh2 Ra2 27. Nb1
Kh7 28. f3 Nd7 29. Bc7 f5 30. Kg3 Be1+ 31. Kh2 g5 32. Bd6 Kg6 33. Re2 Ba5 34.
Rc2 Ra1 35. Nc3 Re1 36. Ne2 Rd1 37. Bg3 Rd3 38. Bf2 Rb3 39. Nc1 Rb7 40. Bg3 h5
41. Kg1 Kf6 42. Bd6 Nb6 43. Na2 Na4 44. Ba3 Rb3 45. Kf2 c3 46. Nxc3 Nxc3 47.
Bd6 Rxb2 0-1

[Event "PLZEN 2022 – CALLIDITAS OPEN"]
[Site "Plzen (Ceska republika)"]
[Date "2022.08.24"]
[Round "6.1"]
[White "Neuman, Petr"]
[Black "Eret, Matous"]
[Result "1-0"]
[WhiteElo "2393"]
[BlackElo "2261"]
[PlyCount "63"]
[EventDate "2022.08.20"]

1. d4 Nf6 2. c4 e6 3. Nc3 Bb4 4. Qc2 b6 5. e4 Bb7 6. Bd3 Nc6 7. Nf3 d5 8. cxd5
exd5 9. e5 Nd7 10. O-O Nf8 11. Ne2 Ne6 12. Nf4 Qd7 13. Nxe6 fxe6 14. Be3 Be7
15. a3 Na5 16. Ng5 Bxg5 17. Bxg5 g6 18. Rac1 O-O 19. Qxc7 Qxc7 20. Rxc7 Rf7 21.
Rfc1 Raf8 22. Be7 Re8 23. Bb4 Nc4 24. Rxf7 Kxf7 25. b3 a5 26. Bd6 Nxd6 27. exd6
Rc8 28. Rxc8 Bxc8 29. Bb5 e5 30. d7 Bxd7 31. Bxd7 exd4 32. Bb5 1-0

[Event "PLZEN 2022 – CALLIDITAS OPEN"]
[Site "Plzen (Ceska republika)"]
[Date "2022.08.24"]
[Round "6.2"]
[White "Haba, Zdenek"]
[Black "Flajsman, Pavel"]
[Result "1/2-1/2"]
[WhiteElo "2156"]
[BlackElo "2189"]
[PlyCount "24"]
[EventDate "2022.08.20"]

1. d4 d5 2. c4 e6 3. Nf3 Nf6 4. g3 dxc4 5. Bg2 Bb4+ 6. Bd2 a5 7. O-O O-O 8. Bg5
h6 9. Bxf6 Qxf6 10. Qc2 Nc6 11. Qxc4 Rd8 12. e3 e5 1/2-1/2

[Event "PLZEN 2022 – CALLIDITAS OPEN"]
[Site "Plzen (Ceska republika)"]
[Date "2022.08.24"]
[Round "6.3"]
[White "Bartonicek, Zdenek"]
[Black "Yagiz, Bora"]
[Result "1/2-1/2"]
[WhiteElo "1923"]
[BlackElo "2154"]
[PlyCount "45"]
[EventDate "2022.08.20"]

1. e4 c5 2. Be2 Nc6 3. d3 g6 4. f4 Bg7 5. Nf3 e6 6. O-O Nge7 7. Qe1 d5 8. c3 c4
9. d4 dxe4 10. Nfd2 f5 11. Nxc4 b5 12. Ne3 Rb8 13. Nd2 Qb6 14. Bd1 O-O 15. Nb3
Kh8 16. Nc5 e5 17. fxe5 Nxe5 18. Bb3 N5c6 19. Kh1 Rd8 20. Nc2 Na5 21. Bg5 Nxb3
22. axb3 Re8 23. Ne3 1/2-1/2

[Event "PLZEN 2022 – CALLIDITAS OPEN"]
[Site "Plzen (Ceska republika)"]
[Date "2022.08.24"]
[Round "6.4"]
[White "Svejda, Karel"]
[Black "Pokrupa, Marek"]
[Result "1-0"]
[WhiteElo "1603"]
[BlackElo "2124"]
[PlyCount "113"]
[EventDate "2022.08.20"]

1. d4 d6 2. e4 Nf6 3. Nc3 g6 4. f4 Bg7 5. Nf3 c5 6. dxc5 Qa5 7. Bd3 Qxc5 8. Qe2
O-O 9. Be3 Qb4 10. O-O Qxb2 11. Nb5 Ne8 12. Rfb1 Qxa1 13. Rxa1 Bxa1 14. c3 a6
15. Qd1 axb5 16. Qxa1 Be6 17. Bxb5 Nc7 18. Bd3 Rxa2 19. Qb1 Ra3 20. f5 Bc8 21.
Bh6 Re8 22. fxg6 hxg6 23. e5 dxe5 24. Bxg6 Ra6 25. Bh7+ Kh8 26. Ng5 Rf6 27. Qe4
Nc6 28. Qh4 Rf4 29. Qg3 Rg4 30. Qd3 Be6 31. Bf5 Rd8 32. Qc2 Rh4 33. Bxe6 Rxh6
34. Nxf7+ Kg7 35. Nxd8 Nxd8 36. Bh3 Rf6 37. Qe4 Nc6 38. Qg4+ Rg6 39. Qd7 Nb5
40. Qxb7 Nxc3 41. g3 Ne2+ 42. Kf2 Nc3 43. Bg2 e4 44. Qb2 Rf6+ 45. Ke1 Na4 46.
Qc2 Nb6 47. Qxe4 Nd8 48. Qxe7+ Nf7 49. Be4 Rd6 50. Bf5 Nd5 51. Qh4 Ne3 52. Qh7+
Kf8 53. Bg6 Ng2+ 54. Kf1 Ne3+ 55. Ke2 Rd7 56. Kxe3 Re7+ 57. Kf4 1-0

[Event "PLZEN 2022 – CALLIDITAS OPEN"]
[Site "Plzen (Ceska republika)"]
[Date "2022.08.24"]
[Round "6.5"]
[White "Turner, Radek"]
[Black "Langmajer, Jan"]
[Result "1/2-1/2"]
[WhiteElo "2028"]
[BlackElo "1871"]
[PlyCount "87"]
[EventDate "2022.08.20"]

1. c4 f5 2. g3 Nf6 3. Nc3 g6 4. Bg2 Bg7 5. e3 d6 6. Nge2 O-O 7. O-O Kh8 8. b3
e5 9. Bb2 Nc6 10. d3 Qe8 11. Nd5 Nxd5 12. cxd5 Nd8 13. Qd2 g5 14. f4 g4 15. e4
Rf6 16. fxe5 dxe5 17. d4 Nf7 18. dxe5 Nxe5 19. Nf4 Rh6 20. Ne6 Bxe6 21. Bxe5
Bxe5 22. Qxh6 Bxa1 23. Rxa1 Bd7 24. Qf6+ Kg8 25. e5 Qf8 26. Qg5+ Kh8 27. e6 Be8
28. Rc1 c6 29. e7 Qf7 30. Rf1 Bd7 31. dxc6 bxc6 32. Rd1 Qe6 33. Qd2 Be8 34. Qd8
Rc8 35. Qd4+ Kg8 36. Qxa7 Kf7 37. Qb7 h6 38. b4 Qe2 39. Rf1 Qe6 40. Kh1 Kf6 41.
Qa6 Rc7 42. Qb6 Rxe7 43. Qd4+ Kg6 44. a4 1/2-1/2

[Event "PLZEN 2022 – CALLIDITAS OPEN"]
[Site "Plzen (Ceska republika)"]
[Date "2022.08.24"]
[Round "6.7"]
[White "Kriz, Daniel"]
[Black "Egri, Tomas"]
[Result "1/2-1/2"]
[WhiteElo "1999"]
[BlackElo "1783"]
[PlyCount "78"]
[EventDate "2022.08.20"]

1. e4 e6 2. d4 d5 3. Nd2 dxe4 4. Nxe4 Nf6 5. Bd3 Nxe4 6. Bxe4 Nd7 7. Nf3 Nf6 8.
Bd3 Bd7 9. Qe2 Be7 10. O-O O-O 11. c4 Bc6 12. Rd1 Bxf3 13. Qxf3 c6 14. Bg5 Nd7
15. Qe4 g6 16. Be3 Re8 17. Rab1 Bg5 18. f4 Bh6 19. Qf3 Bg7 20. b4 Nb6 21. Be2
Qc7 22. h4 Rad8 23. h5 Qe7 24. Bf2 Qc7 25. Rb3 a6 26. Qg4 Nd7 27. Qh3 Bf6 28.
Qg4 Bg7 29. Rh3 Nf6 30. Qh4 Ne4 31. hxg6 hxg6 32. Be1 Kf8 33. Rhd3 Nd6 34. c5
Nf5 35. Qf2 Ne7 36. g4 Nd5 37. Bd2 Ne7 38. Kg2 Qd7 39. Be3 Nd5 1/2-1/2

[Event "PLZEN 2022 – CALLIDITAS OPEN"]
[Site "Plzen (Ceska republika)"]
[Date "2022.08.24"]
[Round "6.8"]
[White "Kalveus, Jan"]
[Black "Flajsman, Petr"]
[Result "1-0"]
[WhiteElo "1790"]
[BlackElo "1907"]
[PlyCount "31"]
[EventDate "2022.08.20"]

1. d4 d6 2. Nf3 Nf6 3. Bf4 g6 4. e3 Bg7 5. Nbd2 O-O 6. Bc4 Nbd7 7. c3 h6 8. Qc2
Kh7 9. h4 Nh5 10. g4 Nxf4 11. exf4 e5 12. dxe5 dxe5 13. Ng5+ hxg5 14. hxg5+ Bh6
15. Rxh6+ Kg7 16. Bxf7 1-0

[Event "PLZEN 2022 – CALLIDITAS OPEN"]
[Site "Plzen (Ceska republika)"]
[Date "2022.08.24"]
[Round "6.10"]
[White "Hurtak, Otto"]
[Black "Hodan, Jiri"]
[Result "1/2-1/2"]
[WhiteElo "1893"]
[BlackElo "1878"]
[PlyCount "69"]
[EventDate "2022.08.20"]

1. c4 e5 2. Nc3 Nf6 3. g3 Bb4 4. e4 d6 5. Bg2 Bxc3 6. dxc3 Nbd7 7. Be3 Nc5 8.
f3 Be6 9. b3 a5 10. Nh3 h6 11. Nf2 O-O 12. O-O a4 13. Qc2 Nh7 14. Bxc5 dxc5 15.
Bh3 Ng5 16. Bg2 Qe7 17. f4 exf4 18. gxf4 Nh7 19. e5 axb3 20. axb3 c6 21. Ne4
Bf5 22. Qe2 Bxe4 23. Bxe4 Rxa1 24. Rxa1 Rd8 25. Re1 Qd7 26. Bxh7+ Kxh7 27. f5
Qd2 28. Qxd2 Rxd2 29. e6 fxe6 30. fxe6 Rd8 31. Re5 Re8 32. Rxc5 Rxe6 33. b4 b6
34. Rf5 Rf6 35. Re5 1/2-1/2